00334nam a2200133Ia 4500008004100000041000800041082001400049100001900063245002700082250001200109260004200121300001000163650002700173230724s2006 xx 000 0 und d aeng a364.6/SHI aShirohi J.P.S. aCriminology & Penology a6th Ed aAllahabadbAllahabad Law Agencyc2006 a498p. aCRIMINOLOGY & PENOLOGY